The Early Annals of the English in Bengal / (Record no. 200630)

MARC details
000 -LEADER
fixed length control field 00658nam a22002297a 4500
005 - DATE AND TIME OF LATEST TRANSACTION
control field 20241107143345.0
010 ## - LCCN (DPL NO)
LC control number ENG-139163 ENNG-141682
020 ## - INTERNATIONAL STANDARD BOOK NUMBER
Terms of availability 1800.00
International Standard Book Number 9789381574218
035 ## - SYSTEM CONTROL NUMBER
System control number EN-122695
035 ## - SYSTEM CONTROL NUMBER
System control number EN-125214
037 ## - SOURCE OF ACQUISITION
Source of stock number/acquisition DBAD
082 ## - DEWEY DECIMAL CLASSIFICATION NUMBER
Classification number 954.31
100 ## - MAIN ENTRY--PERSONAL NAME
Personal name Wilson, C R
245 ## - TITLE STATEMENT
Title The Early Annals of the English in Bengal /
Statement of responsibility, etc By C R Wilson
260 ## - PUBLICATION, DISTRIBUTION, ETC. (IMPRINT)
Place of publication, distribution, etc Kolkata
Name of publisher, distributor, etc The Asiatic Society
Date of publication, distribution, etc 2014
270 ## - ADDRESS
Address 1,Park Street
City Kolkata
Postal code 700016
300 ## - PHYSICAL DESCRIPTION
Extent 460p.
Dimensions 25cm(hb)
300 ## - PHYSICAL DESCRIPTION
Extent 422p
Dimensions 25cm(hb)
490 ## - SERIES STATEMENT
Volume number/sequential designation Vol 1, Vol 2
700 ## - ADDED ENTRY--PERSONAL NAME
Personal name Desikan Kalyani
9 (RLIN) 61856
942 ## - ADDED ENTRY ELEMENTS (KOHA)
Source of classification or shelving scheme Dewey Decimal Classification
Item type English Books
Classification part 954.31
Call number suffix WIL
Holdings
Withdrawn status Lost status Not for loan Collection code Home library Current library Date acquired Source of acquisition Cost, normal purchase price Full call number Barcode Copy number Cost, replacement price Koha item type Materials specified (bound volume or other part)
      Non-fiction Bawana Bawana 05/09/2024 DBAD 1800.00 954.31 WIL EN-125214 1 1800.00 English Books VOL 2
      Non-fiction Tri Nagar Tri Nagar 09/02/2024 DBAD/PUB 1800.00 954.31 WIL EN-122695 1 1800.00 English Books  

© Delhi Public Library
Hit Counter
free hit counter